00460 2200193 4500001002100000005001500021008004100036020001800077035001900095041000700114082001000121090001600131100001700147245002200164260001700186300002200203500001000225650003100235INLIS00000000000482420241224113002241224||||||||| | ||| |||| || |  a0-02-184941-2 0010-1224004824 aid0 a741.5 a741.5 MIR j0 aanne miranda00ajust for the duck bMc Graw Hill a8hlm.;ilus.;23 cm acet.1 0ailmu kesenian dan olahraga